[Event "33. Open Villa de Benasque 2013"]
[Site "Benasque ESP"]
[Date "2013.07.10"]
[Round "7.3"]
[White "Golod, Vitali"]
[Black "Delchev, Aleksander"]
[Result "1/2-1/2"]
[WhiteElo "2578"]
[BlackElo "2614"]
[PlyCount "28"]
[EventDate "2013.07.04"]
[EventType "swiss"]
[EventRounds "10"]
[EventCountry "ESP"]
[SourceTitle "Ajedrez en Madrid"]
[Source "lmi"]
[SourceDate "2013.07.04"]

1. d4 d5 2. c4 dxc4 3. e3 e5 4. Bxc4 exd4 5. exd4 Bd6 6. Nf3 Nf6 7. O-O O-O 8.
Nc3 Nc6 9. h3 h6 10. Qc2 Nb4 11. Qb1 Be6 12. Bxe6 fxe6 13. Bd2 Qe8 14. Re1 Nbd5
1/2-1/2

[Event "33. Open Villa de Benasque 2013"]
[Site "Benasque ESP"]
[Date "2013.07.10"]
[Round "7.4"]
[White "Vazquez Igarza, Renier"]
[Black "Naroditsky, Daniel"]
[Result "1/2-1/2"]
[WhiteElo "2571"]
[BlackElo "2486"]
[PlyCount "158"]
[EventDate "2013.07.04"]
[EventType "swiss"]
[EventRounds "10"]
[EventCountry "ESP"]
[SourceTitle "Ajedrez en Madrid"]
[Source "lmi"]
[SourceDate "2013.07.04"]

1. Nf3 Nf6 2. c4 b6 3. g3 Bb7 4. Bg2 e6 5. O-O Be7 6. d4 O-O 7. Nc3 Ne4 8. Bd2
Bf6 9. Ne5 Nxc3 10. Bxc3 Bxg2 11. Kxg2 d5 12. Ng4 Be7 13. Qa4 Qd7 14. Qxd7 Nxd7
15. cxd5 exd5 16. Bd2 Nf6 17. Nxf6+ Bxf6 18. Be3 c5 19. dxc5 bxc5 20. Bxc5 Rfc8
21. Ba3 Rc2 22. e3 Bxb2 23. Bxb2 Rxb2 24. Rfd1 Rb5 25. Rab1 Ra5 26. Rd2 h5 27.
Rb7 Rd8 28. Rc2 a6 29. Rcc7 Rf8 30. Rd7 g6 31. Ra7 Rxa2 32. Rxd5 a5 33. Rdxa5
Rxa5 34. Rxa5 Rb8 35. h3 Kg7 36. g4 hxg4 37. hxg4 Rb2 38. Kg3 Rc2 39. e4 Rb2
40. f3 Rb3 41. Kf4 Rc3 42. e5 Rb3 43. Ra7 Kf8 44. Ra6 Kg7 45. Rf6 Rb5 46. Rd6
Rb3 47. Ke4 Rb1 48. f4 Rg1 49. Kf3 Ra1 50. Kg3 Ra4 51. Rf6 Ra5 52. Kh4 Rb5 53.
Ra6 Rc5 54. Ra7 Kg8 55. Kg5 Kg7 56. Kh4 Kg8 57. Ra8+ Kg7 58. Re8 Rc4 59. Kg3
Rc3+ 60. Kf2 Rc4 61. Kg3 Rc3+ 62. Kh4 Rc4 63. Kg5 Rc5 64. Re7 Rb5 65. Rd7 Rc5
66. Kh4 Kg8 67. Rd4 Kg7 68. Re4 Ra5 69. f5 gxf5 70. gxf5 Rb5 71. Kg4 Rb1 72.
Re3 Rb4+ 73. Kg5 f6+ 74. exf6+ Kf8 75. Ra3 Rb1 76. f7 Rb6 77. Ra7 Rc6 78. f6
Rxf6 79. Ra8+ Kg7 1/2-1/2

[Event "33. Open Villa de Benasque 2013"]
[Site "Benasque ESP"]
[Date "2013.07.10"]
[Round "7.5"]
[White "Cori T., Deysi"]
[Black "Cori, Jorge"]
[Result "1-0"]
[WhiteElo "2439"]
[BlackElo "2543"]
[PlyCount "53"]
[EventDate "2013.07.04"]
[EventType "swiss"]
[EventRounds "10"]
[EventCountry "ESP"]
[SourceTitle "Ajedrez en Madrid"]
[Source "lmi"]
[SourceDate "2013.07.04"]

1. c4 Nf6 2. Nc3 g6 3. e4 d6 4. d4 Bg7 5. f3 O-O 6. Be3 c5 7. Nge2 cxd4 8. Nxd4
Nc6 9. Qd2 Bd7 10. Be2 Nxd4 11. Bxd4 Bc6 12. h4 Nh5 13. Bxg7 Kxg7 14. g4 Ng3
15. Rh3 Nxe2 16. Nxe2 h6 17. f4 Qb6 18. h5 Bxe4 19. Qc3+ f6 20. hxg6 Bxg6 21.
Nd4 Rh8 22. O-O-O Rac8 23. b3 a5 24. Qe3 Qb4 25. Qxe7+ Kg8 26. Qe6+ Kg7 27.
Qd7+ 1-0

[Event "33. Open Villa de Benasque 2013"]
[Site "Benasque ESP"]
[Date "2013.07.10"]
[Round "7.6"]
[White "Fenollar Jorda, Manuel"]
[Black "Zoler, Dan"]
[Result "1-0"]
[WhiteElo "2397"]
[BlackElo "2538"]
[PlyCount "131"]
[EventDate "2013.07.04"]
[EventType "swiss"]
[EventRounds "10"]
[EventCountry "ESP"]
[SourceTitle "Ajedrez en Madrid"]
[Source "lmi"]
[SourceDate "2013.07.04"]

1. d4 Nf6 2. c4 e6 3. Nc3 Bb4 4. e3 O-O 5. Bd3 c5 6. Nge2 d5 7. cxd5 cxd4 8.
exd4 Nxd5 9. O-O Nc6 10. Bc2 Re8 11. Qd3 g6 12. Rd1 Bf8 13. a3 Bg7 14. Bb3 Nxc3
15. bxc3 Na5 16. Ba2 Bd7 17. Be3 Ba4 18. Rd2 Rc8 19. c4 e5 20. Rc1 exd4 21.
Nxd4 b6 22. Qb1 Qh4 23. Nb5 Bxb5 24. cxb5 Rxc1+ 25. Qxc1 Qe7 26. h3 Be5 27. a4
Rd8 28. g3 Rxd2 29. Qxd2 h5 30. h4 Kg7 31. Qd5 Bf6 32. Kg2 Nb7 33. Bf4 Nd8 34.
Bd6 Qe2 35. Bc4 Qc2 36. Bb3 Qb2 37. Bb8 Bd4 38. Qf3 Bxf2 39. Qxf2 Qxb3 40. Qd4+
Kh7 41. Qxd8 Qc2+ 42. Kf1 Qc4+ 43. Kf2 Qa2+ 44. Ke3 Qb3+ 45. Qd3 Qxa4 46. Be5
Qb4 47. Bc3 Qg4 48. Qd6 Qc8 49. Qe5 Qf8 50. Qf6 Qc5+ 51. Bd4 Qc1+ 52. Kd3 Qb1+
53. Kd2 Qa2+ 54. Kc1 Qa3+ 55. Kd2 Qa2+ 56. Ke3 Qa3+ 57. Kf2 Qf8 58. Kg2 Qg8 59.
Be5 Qf8 60. Kh1 Qg8 61. Kh2 Qf8 62. g4 hxg4 63. h5 g3+ 64. Kxg3 Qa3+ 65. Bc3
Kh6 66. hxg6 1-0

[Event "33. Open Villa de Benasque 2013"]
[Site "Benasque ESP"]
[Date "2013.07.10"]
[Round "7.7"]
[White "Burg, Twan"]
[Black "Shyam, Sundar M"]
[Result "1/2-1/2"]
[WhiteElo "2479"]
[BlackElo "2505"]
[PlyCount "84"]
[EventDate "2013.07.04"]
[EventType "swiss"]
[EventRounds "10"]
[EventCountry "ESP"]
[SourceTitle "Ajedrez en Madrid"]
[Source "lmi"]
[SourceDate "2013.07.04"]

1. e4 e5 2. Nf3 Nc6 3. Bb5 Nf6 4. d3 d6 5. O-O Be7 6. Re1 O-O 7. c3 Bd7 8. Nbd2
h6 9. Nf1 Nh7 10. Ng3 Ng5 11. Nxg5 Bxg5 12. Be3 g6 13. Qd2 a6 14. Ba4 Qf6 15.
Rf1 Bf4 16. Ne2 g5 17. Ng3 Qg6 18. Bd1 Ne7 19. Bh5 Qh7 20. Qd1 Kh8 21. Bg4 f5
22. Bxf5 Nxf5 23. Nxf5 Bxf5 24. exf5 Qxf5 25. Qe2 Rae8 26. Rae1 Kh7 27. f3
Bxe3+ 28. Qxe3 Re7 29. Qe4 Qxe4 30. fxe4 Ref7 31. Rxf7+ Rxf7 32. Rf1 Rxf1+ 33.
Kxf1 Kg6 34. Ke2 Kf6 35. g3 h5 36. Ke3 Ke6 37. c4 c5 38. Kd2 Kd7 39. b3 Kc6 40.
Kc3 g4 41. a3 b6 42. a4 a5 1/2-1/2

[Event "33. Open Villa de Benasque 2013"]
[Site "Benasque ESP"]
[Date "2013.07.10"]
[Round "7.9"]
[White "Movsziszian, Karen"]
[Black "Gomez Esteban, Juan Mario"]
[Result "1/2-1/2"]
[WhiteElo "2499"]
[BlackElo "2462"]
[PlyCount "100"]
[EventDate "2013.07.04"]
[EventType "swiss"]
[EventRounds "10"]
[EventCountry "ESP"]
[SourceTitle "Ajedrez en Madrid"]
[Source "lmi"]
[SourceDate "2013.07.04"]

1. g3 d5 2. Bg2 e5 3. d3 c5 4. Nf3 Nc6 5. O-O Nf6 6. Nbd2 Be7 7. e4 d4 8. Nc4
Nd7 9. a4 O-O 10. Nfd2 Nb6 11. f4 Nxc4 12. Nxc4 f6 13. f5 Qc7 14. h4 Nd8 15. g4
Nf7 16. c3 dxc3 17. bxc3 Rd8 18. Ne3 c4 19. Nd5 Qd7 20. dxc4 b6 21. Qb3 Ba6 22.
Rd1 Bc5+ 23. Be3 Qc6 24. Kh2 Bf8 25. Bf1 Rac8 26. a5 Bxc4 27. Bxc4 Qxc4 28.
Qxc4 Rxc4 29. axb6 axb6 30. g5 Rxe4 31. Bxb6 Rb8 32. gxf6 Nh6 33. Ra7 Ng4+ 34.
Kg3 Nxf6 35. Nxf6+ gxf6 36. Bd8 Rf4 37. Bxf6 Rxf5 38. Bg5 Rf7 39. Rdd7 Rxd7 40.
Rxd7 Rc8 41. Bd2 h5 42. Kf3 Rc4 43. Be1 Bg7 44. Ke3 e4 45. Rd5 Bxc3 46. Bxc3
Rxc3+ 47. Kxe4 Rc4+ 48. Kf5 Rxh4 49. Kg6 Rg4+ 50. Kxh5 Rg1 1/2-1/2

[Event "33. Open Villa de Benasque 2013"]
[Site "Benasque ESP"]
[Date "2013.07.11"]
[Round "8.1"]
[White "Ni, Hua"]
[Black "Iturrizaga, Eduardo"]
[Result "0-1"]
[WhiteElo "2661"]
[BlackElo "2642"]
[PlyCount "78"]
[EventDate "2013.07.04"]
[EventType "swiss"]
[EventRounds "10"]
[EventCountry "ESP"]
[SourceTitle "Ajedrez en Madrid"]
[Source "lmi"]
[SourceDate "2013.07.04"]

1. e4 c5 2. Nf3 e6 3. g3 Nc6 4. Bg2 Nf6 5. Qe2 d5 6. exd5 Nxd5 7. O-O Be7 8.
Rd1 Bf6 9. Nc3 O-O 10. Ne4 Be7 11. d4 cxd4 12. Nxd4 Nxd4 13. Rxd4 Nf4 14. Nf6+
Bxf6 15. Rxf4 Bd7 16. Bxb7 Rb8 17. Be4 e5 18. Rf3 Bg4 19. Bxh7+ Kh8 20. Be4 Bg5
21. Qf1 Qd4 22. Bf5 Bxf3 23. Qh3+ Bh4 24. Bg5 Kg8 25. Bxh4 Be4 26. Re1 Bxf5 27.
Qxf5 Rxb2 28. Rxe5 Rxc2 29. Re7 Rxa2 30. Bg5 Qc4 31. Kg2 Qc6+ 32. Kh3 Qc8 33.
Rd7 Rxf2 34. Bf4 g6 35. Qd5 Qc2 36. Bd2 Rf5 37. Qd4 Qd1 38. Qe4 Qf1+ 39. Kg4
Rh5 0-1

[Event "33. Open Villa de Benasque 2013"]
[Site "Benasque ESP"]
[Date "2013.07.11"]
[Round "8.2"]
[White "Cori T., Deysi"]
[Black "Rodshtein, Maxim"]
[Result "0-1"]
[WhiteElo "2439"]
[BlackElo "2641"]
[PlyCount "54"]
[EventDate "2013.07.04"]
[EventType "swiss"]
[EventRounds "10"]
[EventCountry "ESP"]
[SourceTitle "Ajedrez en Madrid"]
[Source "lmi"]
[SourceDate "2013.07.04"]

1. d4 Nf6 2. c4 g6 3. Nc3 d5 4. Bg5 Ne4 5. Bh4 Nxc3 6. bxc3 dxc4 7. e3 Be6 8.
Nf3 Bg7 9. Be2 Nd7 10. O-O Nb6 11. Nd2 c5 12. Bf3 Bd5 13. a4 cxd4 14. exd4 O-O
15. Rb1 Qd7 16. Rb4 Rfc8 17. Bg4 f5 18. Be2 Bf7 19. Qc2 h6 20. h3 Nd5 21. Rbb1
e5 22. dxe5 Bxe5 23. Nxc4 Bg7 24. Rbd1 Qc6 25. Kh1 Nxc3 26. Rd6 Qe4 27. Qxe4
fxe4 0-1

[Event "33. Open Villa de Benasque 2013"]
[Site "Benasque ESP"]
[Date "2013.07.11"]
[Round "8.3"]
[White "Delchev, Aleksander"]
[Black "Guerra Mendez, Jose Angel"]
[Result "1-0"]
[WhiteElo "2614"]
[BlackElo "2505"]
[PlyCount "99"]
[EventDate "2013.07.04"]
[EventType "swiss"]
[EventRounds "10"]
[EventCountry "ESP"]
[SourceTitle "Ajedrez en Madrid"]
[Source "lmi"]
[SourceDate "2013.07.04"]

1. d4 Nf6 2. c4 e6 3. g3 d5 4. Bg2 dxc4 5. Nf3 Bb4+ 6. Bd2 a5 7. Qc2 Bxd2+ 8.
Qxd2 c6 9. Ne5 b5 10. a4 Ra6 11. Nc3 Bd7 12. O-O O-O 13. Rfd1 Qc7 14. Nxd7 Qxd7
15. Qg5 Nd5 16. e4 f6 17. Qh5 g6 18. Qe2 Nxc3 19. bxc3 Rb6 20. e5 b4 21. exf6
Rxf6 22. Rab1 Qb7 23. Bh3 bxc3 24. Rxb6 Qxb6 25. Bxe6+ Kf8 26. Bxc4 Qb2 27. Qe3
Qb4 28. Qh6+ Ke8 29. Re1+ Kd8 30. Qe3 Nd7 31. Be6 Qe7 32. Bxd7 Qxe3 33. fxe3
Kxd7 34. Rc1 Kd6 35. Rxc3 Kd5 36. Rc5+ Ke4 37. Re5+ Kf3 38. Kf1 Rf7 39. Ke1 Rb7
40. Kd2 Rb2+ 41. Kd3 Rxh2 42. Rxa5 Ra2 43. Rc5 h5 44. Rxc6 g5 45. Rc5 Ra3+ 46.
Kc4 Rxa4+ 47. Kb5 Ra3 48. Rxg5 Rxe3 49. d5 Rd3 50. Kc6 1-0

[Event "33. Open Villa de Benasque 2013"]
[Site "Benasque ESP"]
[Date "2013.07.11"]
[Round "8.5"]
[White "Georgiev, Kiril"]
[Black "Movsziszian, Karen"]
[Result "1/2-1/2"]
[WhiteElo "2636"]
[BlackElo "2499"]
[PlyCount "103"]
[EventDate "2013.07.04"]
[EventType "swiss"]
[EventRounds "10"]
[EventCountry "ESP"]
[SourceTitle "Ajedrez en Madrid"]
[Source "lmi"]
[SourceDate "2013.07.04"]

1. d4 g6 2. c4 Bg7 3. Nc3 Nf6 4. g3 O-O 5. Bg2 d6 6. Nf3 Nc6 7. O-O Bf5 8. b3
e5 9. Bb2 Nxd4 10. Nxd4 exd4 11. Qxd4 Ne4 12. Qe3 Re8 13. Qc1 Nxc3 14. Bxc3
Rxe2 15. Bxg7 Kxg7 16. Bxb7 Rb8 17. Bf3 Re5 18. Qc3 Qf6 19. Rad1 Bh3 20. Bg2
Bxg2 21. Kxg2 Rbe8 22. Rd2 a5 23. Rfd1 Rc5 24. Qd3 h5 25. h4 Qe5 26. Kf1 Qe6
27. Re2 Qh3+ 28. Kg1 Rxe2 29. Qxe2 Re5 30. Qf3 Qe6 31. Qd3 f6 32. Kg2 Qg4 33.
Rd2 g5 34. hxg5 fxg5 35. Qd4 Qxd4 36. Rxd4 Kf6 37. Kf1 Ke6 38. Rd3 a4 39. bxa4
Ra5 40. Rd5 Rxa4 41. Rxg5 Rxc4 42. Rxh5 c5 43. Rh6+ Kd5 44. f4 Rc2 45. f5 Rxa2
46. f6 Ke6 47. f7+ Kxf7 48. Rxd6 c4 49. Rc6 Rc2 50. Ke1 Rg2 51. Rxc4 Rxg3 52.
Ke2 1/2-1/2

[Event "33. Open Villa de Benasque 2013"]
[Site "Benasque ESP"]
[Date "2013.07.11"]
[Round "8.6"]
[White "Forcen Esteban, Daniel"]
[Black "Golod, Vitali"]
[Result "1/2-1/2"]
[WhiteElo "2493"]
[BlackElo "2578"]
[PlyCount "46"]
[EventDate "2013.07.04"]
[EventType "swiss"]
[EventRounds "10"]
[EventCountry "ESP"]
[SourceTitle "Ajedrez en Madrid"]
[Source "lmi"]
[SourceDate "2013.07.04"]

1. e4 e5 2. Nf3 Nc6 3. d4 exd4 4. Nxd4 Bb4+ 5. c3 Bc5 6. Nxc6 bxc6 7. Bd3 Qh4
8. O-O Nf6 9. Qf3 Qg4 10. Nd2 O-O 11. e5 Qxf3 12. Nxf3 Nd5 13. c4 Nb6 14. Bf4
d6 15. Ng5 dxe5 16. Bxe5 f6 17. Ne4 Na4 18. Bc3 Be7 19. b3 Nxc3 20. Nxc3 Bd6
21. Be4 Bd7 22. Rad1 Rad8 23. Bf3 f5 1/2-1/2

[Event "33. Open Villa de Benasque 2013"]
[Site "Benasque ESP"]
[Date "2013.07.11"]
[Round "8.8"]
[White "Anton Guijarro, David"]
[Black "Lalic, Bogdan"]
[Result "0-1"]
[WhiteElo "2564"]
[BlackElo "2489"]
[PlyCount "104"]
[EventDate "2013.07.04"]
[EventType "swiss"]
[EventRounds "10"]
[EventCountry "ESP"]
[SourceTitle "Ajedrez en Madrid"]
[Source "lmi"]
[SourceDate "2013.07.04"]

1. d4 d5 2. Nf3 Nf6 3. c4 e6 4. e3 Nbd7 5. Nc3 a6 6. b3 Bb4 7. Bd2 c6 8. Be2
O-O 9. O-O Bd6 10. Rc1 e5 11. dxe5 Nxe5 12. cxd5 cxd5 13. Nxe5 Bxe5 14. Bf3 Qd6
15. h3 Bf5 16. Nxd5 Nxd5 17. e4 Bxh3 18. exd5 Bf5 19. Be3 Rfe8 20. Re1 Bh2+ 21.
Kf1 Qg6 22. Rc3 Bd6 23. Bd2 Qf6 24. Rxe8+ Rxe8 25. Re3 Rxe3 26. Bxe3 Qb2 27. g4
Bc2 28. Qe1 h6 29. Qa5 Bd3+ 30. Kg2 Qe5 31. Qd8+ Kh7 32. Qh4 Qa1 33. Qh1 Qxa2
34. g5 Qb1 35. Qxb1 Bxb1 36. gxh6 gxh6 37. Bd2 Kg6 38. Kh3 f5 39. Kh4 Be4 40.
Bxe4 fxe4 41. Be3 h5 42. Bb6 Be7+ 43. Kg3 Kf5 44. Bc7 Bg5 45. Bb8 b5 46. Bc7
Bd2 47. Kh4 Be1 48. Bb6 Ke5 49. Kxh5 a5 50. Kg4 a4 51. bxa4 bxa4 52. f4+ Kxd5
0-1

[Event "33. Open Villa de Benasque 2013"]
[Site "Benasque ESP"]
[Date "2013.07.11"]
[Round "8.9"]
[White "Naroditsky, Daniel"]
[Black "Kharitonov, Alexandr"]
[Result "1/2-1/2"]
[WhiteElo "2486"]
[BlackElo "2538"]
[PlyCount "46"]
[EventDate "2013.07.04"]
[EventType "swiss"]
[EventRounds "10"]
[EventCountry "ESP"]
[SourceTitle "Ajedrez en Madrid"]
[Source "lmi"]
[SourceDate "2013.07.04"]

1. e4 c6 2. d4 d5 3. Nd2 dxe4 4. Nxe4 Bf5 5. Ng3 Bg6 6. h4 h6 7. Nf3 Nd7 8. h5
Bh7 9. Bd3 Bxd3 10. Qxd3 e6 11. Bd2 Ngf6 12. O-O-O Be7 13. Ne4 Qb6 14. Nxf6+
Bxf6 15. g4 c5 16. Bc3 O-O-O 17. Qe3 Qa6 18. Kb1 Nb6 19. d5 Nxd5 20. Qxc5+ Kb8
21. Bxf6 gxf6 22. Nd4 Rd6 23. Rd3 Rc8 1/2-1/2